| 000 | 01813 a2200205 4500 | ||
|---|---|---|---|
| 001 | 27182 | ||
| 005 | 20260407155548.0 | ||
| 008 | 260407a1967 arg spa d | ||
| 003 | AR-UNSa-BCEJYS | ||
| 040 |
_aAR-UNSa-BCEJYS _bspa _cAR-UNSa-BCEJYS |
||
| 080 |
_a347.736 _xQuiebra. Insolvencia. Suspensión de pagos. Bancarrota, procedimientos. Derecho Concursal |
||
| 245 | 1 | 0 | _aEl concurso de acreedores |
| 264 | 1 |
_aBuenos Aires : _bPlus Ultra _c1967 |
|
| 300 |
_a3v. (473; 476-1037; 1040-1461) _c20 cm. |
||
| 505 | _aParte Primera: Tomo I: 1. Concurso civil y quiebra - 2. Legislación comparada sobre concursos - 3. Legislación argentina - 4. Concurso a solicitud del deudor - 5. Concurso a solicitud del acreedor - 6. Concurso de una sucesión - 7. Incidente de oposición - 8. Efectos del auto declaratorio de concurso - Tomo II: 9. Verificación de créditos y ocupación de bienes - 10. Representación patrimonial - 11. Pensión alimenticia - 12. Situación del concursado ante el código civil - 13. Régimen de los bienes de concurso - 14.v Terminación del concurso - Parte Segunda: Tomo III: 1. Legislación comparada sobre rehabilitación - 2. Legislación argentina sobre rehabilitación - 3. Iniciativas anteriores a la ley 11.077 - 4. Antecedentes relativos a la ley 11.077 - 5. Propósito de la ley 11.077 - 6. Incidentes de rehabilitación - 7. Solicitud de rehabilitación - 8. Tramitación de incidentes - 9. Sentencia de rehabilitación - 10. Rehabilitación de oficio a solicitud de parte - 11. De la adjudicación - 12. Efectos de la rehabilitación sobre los bienes de la masa - 13. Efectos de la rehabilitación sobre las deudas del concursado - 14. Beneficio de competencia. | ||
| 942 | _cBK | ||
| 590 | _aniveau_biblio:m niveau_hierar:0 | ||
| 100 | 1 | _aParry, R. | |
| 700 | 1 | _aParry, A.E. | |
| 999 |
_c1561 _d1561 |
||